El cambio del poder / Alvin Toffler (Registro nro. 5939)

Detalles MARC
000 -LEADER
fixed length control field 00461nam a22001931a 4500
001 - CONTROL NUMBER
control field 5939
003 - CONTROL NUMBER IDENTIFIER
control field OSt
005 - DATE AND TIME OF LATEST TRANSACTION
control field 20260204212033.0
008 - FIXED-LENGTH DATA ELEMENTS--GENERAL INFORMATION
fixed length control field 060216s1992||||sp ||||||b||||||||||spa||
020 ## - NUMERO DE LIBRO INTERNACIONAL NORMALIZADO
International Standard Book Number 8401450993
050 ## - LIBRARY OF CONGRESS CALL NUMBER
Classification number 303.3 T571c
100 ## - ASIENTO PRINCIPAL -- NOMBRE PERSONAL
Personal name Toffler, Alvin
245 ## - TÍTULO PROPIAMENTE DICHO: SUBTÍTULO
Title El cambio del poder / Alvin Toffler
264 ## - PRODUCTION, PUBLICATION, DISTRIBUTION, MANUFACTURE, AND COPYRIGHT NOTICE
Place of production, publication, distribution, manufacture España : Plaza y Janes
300 ## - PHYSICAL DESCRIPTION
Extensión 618 p
500 ## - GENERAL NOTE
General note Donado
650 ## - ASIENTO SECUNDARIO DE MATERIA -- TERMINO TEMÁTICO
Termino Temático Como Elemento de Entrada 1.Poder - Ciencias SocialesÌ
942 ## - ADDED ENTRY ELEMENTS (KOHA)
Source of classification or shelving scheme Dewey Decimal Classification
Koha item type Libros
Existencias
Withdrawn status Lost status Source of classification or shelving scheme Damaged status Not for loan Current library Date acquired Total Checkouts Full call number Barcode Date last seen Price effective from Koha item type
    Dewey Decimal Classification     Biblioteca UTECO 09/09/2019   303.3 T571C 010698 09/09/2019 09/09/2019 Libros
© 2021 Derechos Reservados UTECO - Teléfono: +1 809-585-2291 - Correo electrónico: biblioteca@uteco.edu.do​  
Código postal 43000 ​​
Dirección: Avenida Universitaria No. 100, 
Cotuí, Provincia Sánchez Ramírez, República Dominicana - RNC: 404-00059-6